Score 0/20 Timer 05:00
3 Plays Today
# Character/Show % Correct

1

Homer Simpson (The Simpsons)
98%

18

Charlie Brown (The Charlie Brown and Snoopy Show)
91.9%

20

Stewie Griffin (Family Guy)
88.9%

10

Elmer Fudd (Looney Tunes)
86%

8

Jean-Luc Picard (Star Trek: The Next Generation)
82.1%

11

Frasier Crane (Frasier; Cheers)
79.4%

17

George Costanza (Seinfeld)
79%

15

Tony Soprano (The Sopranos)
78.6%

3

Walter White (Breaking Bad)
77.4%

14

Tommy Pickles (Rugrats)
73.8%
# Character/Show % Correct

2

John Locke (Lost)
70.7%

4

Uncle Fester (The Addams Family)
69%

6

Squidward Tentacles (SpongeBob SquarePants)
67.9%

12

Mr. Magoo (What's New Mr. Magoo?)
61.6%

16

Aang (Avatar: The Last Airbender)
53.9%

19

Tobias Fünke (Arrested Development)
52.9%

5

Theo Kojak (Kojak)
52.7%

9

Andy Sipowicz (NYPD Blue)
48%

13

Lou Grant (The Mary Tyler Moore Show; Lou Grant)
37.7%

7

Varys (Game of Thrones)
31.5%
Remove Ads.
Support Sporcle.
Get the best of Sporcle when you Go Orange. This ad-free experience offers more features, more stats, and more fun while also helping to support Sporcle. Thank you for becoming a member.

You're not logged in!

Compare scores with friends on all Sporcle quizzes.
OR
Log In

Show Comments

Extras

Top Quizzes Today


Score Distribution

Your Account Isn't Verified!

In order to create a playlist on Sporcle, you need to verify the email address you used during registration. Go to your Sporcle Settings to finish the process.

Report this User

Report this user for behavior that violates our Community Guidelines.

Details: